[Event "28. Erfurter Schachfestival 2018 - Haupt"]
[Site "Erfurt"]
[Date "2018.12.28"]
[Round "5.7"]
[White "Seifert, Martin"]
[Black "Alvermann, Christian"]
[Result "0-1"]
[WhiteElo "1995"]
[BlackElo "1836"]
[PlyCount "88"]
[EventDate "2018.12.26"]

1. e4 c5 2. Nf3 e6 3. d4 cxd4 4. Nxd4 Nf6 5. Nc3 d6 6. g4 Be7 7. g5 Nfd7 8. h4
Nc6 9. Be3 a6 10. Qd2 Qc7 11. O-O-O b5 12. f4 Bb7 13. Nb3 Na5 14. Nxa5 Qxa5 15.
Qd4 b4 16. Nb1 O-O 17. Bc4 Nc5 18. Nd2 e5 19. fxe5 dxe5 20. Bxf7+ Rxf7 21. Qc4
Qb5 22. Bxc5 Qxc4 23. Nxc4 Bxc5 24. g6 hxg6 25. Nxe5 Rc7 26. Rde1 Re8 27. Nxg6
Rxe4 28. h5 Rxe1+ 29. Rxe1 Kh7 30. Re8 Kh6 31. Nf4 Re7 32. Rh8+ Kg5 33. Nd3
Be3+ 34. Kb1 Rf7 35. a3 bxa3 36. bxa3 Bd5 37. Rd8 Bf3 38. Ne5 Rb7+ 39. Ka2 Bxh5
40. Rd5 Kh4 41. Rd3 Bf4 42. Rd4 Kg5 43. Nd3 Bf7+ 44. Ka1 Bd2 0-1

[Event "28. Erfurter Schachfestival 2018 - Haupt"]
[Site "Erfurt"]
[Date "2018.12.28"]
[Round "5.8"]
[White "Held, Martin"]
[Black "Simon, Jonathan"]
[Result "1-0"]
[WhiteElo "1851"]
[BlackElo "1987"]
[PlyCount "79"]
[EventDate "2018.12.26"]

1. e4 e6 2. d4 d5 3. Nc3 Nf6 4. Bg5 Be7 5. e5 Nfd7 6. h4 a6 7. Qg4 c5 8. Bxe7
Qxe7 9. Qxg7 Qf8 10. Qxf8+ Kxf8 11. f4 cxd4 12. Nce2 Nc6 13. O-O-O Rg8 14. Nxd4
Rg4 15. Nge2 Nc5 16. g3 Ne4 17. Rg1 Ke7 18. Bh3 Rg8 19. Nxc6+ bxc6 20. Rdf1 a5
21. Rf3 Ba6 22. Nc3 Nc5 23. g4 d4 24. Nd1 Be2 25. Rf2 d3 26. Nc3 Rgd8 27. Nxe2
d2+ 28. Kd1 Na4 29. Nc3 Nxc3+ 30. bxc3 Rab8 31. Ke2 Rb2 32. Rd1 Rxc2 33. Bg2 c5
34. a4 c4 35. Be4 Ra2 36. Bxh7 Rxa4 37. Rxd2 Rh8 38. Bc2 Ra3 39. h5 Rxc3 40.
Rf3 1-0

[Event "28. Erfurter Schachfestival 2018 - Haupt"]
[Site "Erfurt"]
[Date "2018.12.28"]
[Round "5.9"]
[White "Limbrunner, Steven"]
[Black "Link, Robert"]
[Result "1/2-1/2"]
[WhiteElo "1814"]
[BlackElo "1979"]
[PlyCount "68"]
[EventDate "2018.12.26"]

1. c4 Nf6 2. Nc3 g6 3. g3 Bg7 4. Bg2 d6 5. e4 O-O 6. Nge2 Nc6 7. O-O e5 8. d3
Ne8 9. f4 f5 10. Be3 Nf6 11. Rb1 Ng4 12. Bd2 exf4 13. Bxf4 Nge5 14. b4 fxe4 15.
Bxe4 Bg4 16. Qd2 Rb8 17. Nd5 Bxe2 18. Qxe2 Nd4 19. Qd2 Qd7 20. Kg2 c6 21. Nc3
Rbe8 22. b5 Ne6 23. Be3 Nc5 24. bxc6 bxc6 25. Rxf8+ Rxf8 26. Bxc5 dxc5 27. Na4
Qd4 28. Qe2 Bh6 29. Rf1 Rxf1 30. Qxf1 Nxc4 31. Qb1 Ne3+ 32. Kf3 Qxa4 33. Qb8+
Kf7 34. Qc7+ Kg8 1/2-1/2

[Event "28. Erfurter Schachfestival 2018 - Haupt"]
[Site "Erfurt"]
[Date "2018.12.28"]
[Round "5.10"]
[White "Kresse, Mathias"]
[Black "Hilgert, Viktor"]
[Result "1-0"]
[WhiteElo "1939"]
[BlackElo "1817"]
[PlyCount "77"]
[EventDate "2018.12.26"]

1. e4 c5 2. Nc3 Nc6 3. g3 b6 4. Bg2 Bb7 5. d3 g6 6. Be3 Bg7 7. Qd2 e6 8. h4 h5
9. Nh3 d6 10. Ng5 Qd7 11. Bh3 Qe7 12. O-O-O Qf6 13. Rde1 Nd4 14. f4 Nh6 15.
Rhf1 Qe7 16. Nd1 O-O 17. c3 Nc6 18. f5 Ng4 19. Bxg4 hxg4 20. fxg6 fxg6 21. Qc2
Ne5 22. Nf2 Ba6 23. Rd1 c4 24. d4 Nd3+ 25. Kb1 Nxf2 26. Rxf2 Rxf2 27. Bxf2 Rf8
28. Qe2 e5 29. Qxg4 exd4 30. Bxd4 Bc8 31. Qe2 d5 32. Bxg7 Kxg7 33. Rxd5 Bb7 34.
Rd4 b5 35. a3 Bc6 36. e5 Rf5 37. e6 Qf6 38. Rd1 Rf2 39. Qe3 1-0

[Event "28. Erfurter Schachfestival 2018 - Amate"]
[Site "Erfurt"]
[Date "2018.12.28"]
[Round "4.2"]
[White "Müller, Helene"]
[Black "Schulze, Lukas"]
[Result "1-0"]
[WhiteElo "1524"]
[BlackElo "1570"]
[PlyCount "63"]
[EventDate "2018.12.27"]

1. e4 c5 2. Nf3 d6 3. d4 cxd4 4. Nxd4 Nf6 5. Nc3 g6 6. f3 Bg7 7. Be3 Nc6 8. Qd2
Bd7 9. O-O-O O-O 10. Bh6 a6 11. g4 b5 12. h4 Qb6 13. Bxg7 Kxg7 14. h5 Nxd4 15.
Qxd4 Qxd4 16. Rxd4 Be6 17. hxg6 hxg6 18. Bg2 Rh8 19. Rdd1 Nd7 20. g5 Ne5 21. f4
Nc4 22. f5 Bd7 23. e5 Rad8 24. f6+ exf6 25. exf6+ Kg8 26. Nd5 Rh5 27. Bf3 Rxh1
28. Ne7+ Kf8 29. Rxh1 Bh3 30. Rxh3 Ke8 31. Bc6+ Rd7 32. Rh8# 1-0

[Event "28. Erfurter Schachfestival 2018 - Haupt"]
[Site "Erfurt"]
[Date "2018.12.29"]
[Round "6.1"]
[White "Reichelt, Ole"]
[Black "Siebarth, Marco"]
[Result "0-1"]
[WhiteElo "1860"]
[BlackElo "2008"]
[PlyCount "82"]
[EventDate "2018.12.26"]

1. d4 d5 2. Nf3 c6 3. e3 Nf6 4. Bd3 Nbd7 5. Nbd2 g6 6. O-O Bg7 7. Qe2 O-O 8. e4
dxe4 9. Nxe4 Nxe4 10. Qxe4 Re8 11. Qh4 Nf8 12. Bh6 Bxh6 13. Qxh6 Bg4 14. Ne5
Be6 15. c3 f6 16. Nxg6 hxg6 17. Rfe1 Qd5 18. Bxg6 Bf7 19. Bc2 Qh5 20. Qf4 Ne6
21. Qg3+ Kf8 22. Re4 f5 23. Rh4 Qg5 24. Qh3 Nf4 25. Rh8+ Kg7 26. Rh7+ Kf6 27.
Qh4 Qxh4 28. Rxh4 Ng6 29. Rh3 e5 30. dxe5+ Rxe5 31. Rf3 Rd8 32. g4 Be6 33. Bb3
Bd5 34. Rd3 Nf4 35. Rd2 Nh3+ 36. Kf1 Bc4+ 37. Kg2 Rxd2 38. Bxc4 Rxf2+ 39. Kg3
f4+ 40. Kh4 Rxh2 41. g5+ Rxg5 0-1

[Event "28. Erfurter Schachfestival 2018 - Haupt"]
[Site "Erfurt"]
[Date "2018.12.29"]
[Round "6.2"]
[White "Scholz, Michael"]
[Black "Minor, Viatcheslav"]
[Result "0-1"]
[WhiteElo "1859"]
[BlackElo "2022"]
[PlyCount "104"]
[EventDate "2018.12.26"]

1. d4 Nf6 2. c4 e5 3. dxe5 Ng4 4. e4 Nxe5 5. Nf3 Nbc6 6. Be2 Bb4+ 7. Bd2 Bxd2+
8. Qxd2 O-O 9. Nc3 d6 10. Nxe5 Nxe5 11. O-O Be6 12. b3 f6 13. Rad1 a5 14. f4
Nc6 15. Nd5 Bf7 16. a3 Re8 17. Qd3 Bg6 18. Bf3 Nb8 19. f5 Bf7 20. Ne3 Nd7 21.
Ng4 Qe7 22. Rde1 a4 23. b4 Nb6 24. Rc1 Rad8 25. Nf2 Nd7 26. Rfe1 Ne5 27. Qe2 c6
28. Ng4 Nxg4 29. Bxg4 d5 30. exd5 Qd6 31. Qc2 Rxe1+ 32. Rxe1 cxd5 33. c5 Qf4
34. h3 Qg3 35. Ra1 d4 36. Qxa4 Bb3 37. Qa5 Re8 38. b5 Qe3+ 39. Kh1 Bd5 40. Rd1
h5 41. Qd2 hxg4 42. hxg4 Kf7 43. Qxe3 dxe3 44. Kg1 e2 45. Re1 Bc4 46. c6 bxc6
47. bxc6 Rc8 48. Kf2 Rxc6 49. Rc1 Ke7 50. Rc3 Kd6 51. a4 Ba6 52. Re3 Kd5 0-1

[Event "28. Erfurter Schachfestival 2018 - Haupt"]
[Site "Erfurt"]
[Date "2018.12.29"]
[Round "6.3"]
[White "Schindele, Andreas"]
[Black "Held, Martin"]
[Result "1/2-1/2"]
[WhiteElo "1940"]
[BlackElo "1851"]
[PlyCount "65"]
[EventDate "2018.12.26"]

1. d4 d5 2. Nf3 Nf6 3. e3 g6 4. Bd3 Bg7 5. O-O O-O 6. Nbd2 Nc6 7. c3 e5 8. Nxe5
Nxe5 9. dxe5 Ng4 10. Nf3 Nxe5 11. Nxe5 Bxe5 12. f4 Bg7 13. f5 c5 14. Qf3 Bf6
15. Kh1 Qd6 16. e4 d4 17. Bf4 Be5 18. fxg6 hxg6 19. Bh6 Bg7 20. Bf4 Be5 21.
Bxe5 Qxe5 22. cxd4 Qxd4 23. b3 Be6 24. Rad1 Qe5 25. Bc4 Rae8 26. Bd5 b6 27. h3
Kg7 28. Rd2 Bxd5 29. exd5 Qd6 30. Qc3+ Re5 31. Rfd1 Kg8 32. Qd3 Rfe8 33. Qf1
1/2-1/2

[Event "28. Erfurter Schachfestival 2018 - Haupt"]
[Site "Erfurt"]
[Date "2018.12.29"]
[Round "6.4"]
[White "Strätker, Sebastian"]
[Black "Kresse, Mathias"]
[Result "1/2-1/2"]
[WhiteElo "1859"]
[BlackElo "1939"]
[PlyCount "30"]
[EventDate "2018.12.26"]

1. Nf3 Nf6 2. g3 e6 3. Bg2 d5 4. O-O Be7 5. d4 O-O 6. c4 c5 7. cxd5 Nxd5 8. e4
Nf6 9. Nc3 cxd4 10. Nxd4 e5 11. Nf5 Nc6 12. Be3 Be6 13. Qa4 Bb4 14. Rfd1 Qa5
15. Qxa5 Bxa5 1/2-1/2

[Event "28. Erfurter Schachfestival 2018 - Haupt"]
[Site "Erfurt"]
[Date "2018.12.29"]
[Round "6.5"]
[White "Boerma, Daniel"]
[Black "Woost, Thomas"]
[Result "1-0"]
[WhiteElo "1856"]
[BlackElo "1915"]
[PlyCount "81"]
[EventDate "2018.12.26"]

1. Nf3 d5 2. d4 Nf6 3. g3 g6 4. Bg2 Bg7 5. O-O O-O 6. Nbd2 b6 7. Ne5 Bb7 8.
Ndf3 Nbd7 9. Nxd7 Nxd7 10. Bf4 Rc8 11. h4 h5 12. Qd2 Nf6 13. Ne5 Ne4 14. Qd3 c5
15. c3 cxd4 16. cxd4 Qe8 17. Bh3 e6 18. Rac1 Qa4 19. f3 Ba6 20. Qe3 Nd6 21. b3
Qb4 22. a3 Qb5 23. Nxg6 Rxc1 24. Rxc1 Rd8 25. Ne7+ Kf8 26. Nc6 Rd7 27. Kf2 Nc4
28. bxc4 Qxc6 29. c5 Qa4 30. Bh6 bxc5 31. Rxc5 Bxh6 32. Qxh6+ Ke7 33. Qe3 Qd1
34. Rc1 Qa4 35. g4 hxg4 36. Bxg4 Rb7 37. h5 Qd7 38. Qg5+ Kd6 39. h6 Qb5 40.
Qe5+ Ke7 41. h7 1-0

[Event "28. Erfurter Schachfestival 2018 - Haupt"]
[Site "Erfurt"]
[Date "2018.12.29"]
[Round "6.6"]
[White "Alvermann, Christian"]
[Black "Reuter, Hans-Otto"]
[Result "1/2-1/2"]
[WhiteElo "1836"]
[BlackElo "1893"]
[PlyCount "51"]
[EventDate "2018.12.26"]

1. e4 g6 2. Nf3 Bg7 3. Be2 d6 4. O-O Nf6 5. Nc3 O-O 6. d4 c6 7. h3 b5 8. a3 a6
9. Be3 h6 10. Qd2 Kh7 11. Rad1 Be6 12. Nh2 d5 13. e5 Ne4 14. Nxe4 dxe4 15. f3
exf3 16. Bxf3 Ra7 17. Qf2 Rd7 18. Qh4 f5 19. Be2 Bd5 20. g4 e6 21. g5 Rdf7 22.
Bf4 Rg8 23. Qg3 Bf8 24. Kf2 Be7 25. h4 h5 26. Rg1 1/2-1/2

[Event "28. Erfurter Schachfestival 2018 - Haupt"]
[Site "Erfurt"]
[Date "2018.12.29"]
[Round "6.7"]
[White "Röhr, Oliver"]
[Black "Franke, Luca"]
[Result "0-1"]
[WhiteElo "1878"]
[BlackElo "1625"]
[PlyCount "112"]
[EventDate "2018.12.26"]

1. e4 e6 2. d4 d5 3. Nd2 Nf6 4. e5 Nfd7 5. Bd3 c5 6. c3 b6 7. Ne2 Ba6 8. Bxa6
Nxa6 9. O-O Be7 10. f4 O-O 11. Nf3 f6 12. Be3 Nc7 13. Ng3 cxd4 14. cxd4 fxe5
15. fxe5 b5 16. Qd2 Nb6 17. b3 a5 18. Bg5 b4 19. Rac1 Rxf3 20. gxf3 Bxg5 21. f4
Bh6 22. Qc2 Nb5 23. Qc5 Bxf4 24. Qxb5 Bxc1 25. Rxc1 Rc8 26. Rc5 Nd7 27. Rxc8
Qxc8 28. Qxa5 Qc1+ 29. Nf1 Qg5+ 30. Kh1 Qf4 31. Ng3 Qxd4 32. Qb5 Nf8 33. Qb8
Qa1+ 34. Kg2 Qxa2+ 35. Kh3 Qxb3 36. Qb7 Qc3 37. Kg4 Qxe5 38. Qxb4 h5+ 39. Kf3
d4 40. Qb3 h4 41. Ne2 Qxh2 42. Nxd4 Qg3+ 43. Ke4 Qxb3 44. Nxb3 g5 45. Nd4 Kf7
46. Kf3 Kg6 47. Kg4 Kf6 48. Nf3 Nh7 49. Nd2 Ke5 50. Kf3 Nf6 51. Nc4+ Kd4 52.
Ne3 g4+ 53. Ke2 h3 54. Nf1 Ne4 55. Nh2 g3 56. Kf3 g2 0-1

[Event "28. Erfurter Schachfestival 2018 - Haupt"]
[Site "Erfurt"]
[Date "2018.12.29"]
[Round "6.8"]
[White "Latka, Richard"]
[Black "Schönherr, Konrad"]
[Result "0-1"]
[WhiteElo "1808"]
[BlackElo "1871"]
[PlyCount "138"]
[EventDate "2018.12.26"]

1. d4 Nf6 2. c4 e5 3. dxe5 Ng4 4. Bf4 Nc6 5. Nf3 Bc5 6. e3 Qe7 7. Qd5 Nb4 8.
Qd2 Nc6 9. a3 a5 10. Qd5 d6 11. exd6 cxd6 12. Be2 Be6 13. Qd1 Qf6 14. Qb3 h6
15. Nc3 Nxf2 16. Qxb7 O-O 17. Rf1 Rfc8 18. Qb3 Rab8 19. Qc2 Ng4 20. Qd2 g5 21.
Bxd6 Bxe3 22. Qc2 Nd4 23. Qb1 Bf5 24. Ne4 Bxe4 25. Qxe4 Qxd6 26. Nxd4 Qxd4 27.
Qxd4 Bxd4 28. Bxg4 Rxc4 29. Bh5 f6 30. Rb1 Bxb2 31. Ke2 Rc2+ 32. Kf3 f5 33.
Rfe1 Rb3+ 34. Re3 Rxe3+ 35. Kxe3 Rxg2 36. h3 Bxa3 37. Rb8+ Kg7 38. Rb7+ Kf6 39.
Rb6+ Ke7 40. Kf3 Rf2+ 41. Kg3 f4+ 42. Kg4 Rg2+ 43. Kf5 Rg3 44. Rxh6 Rxh3 45.
Rh7+ Kd6 46. Kxg5 f3 47. Rf7 Rg3+ 48. Kh4 Rg1 49. Rxf3 Bc1 50. Bf7 a4 51. Kh3
a3 52. Rf2 Rg7 53. Ba2 Bb2 54. Rf8 Rg1 55. Rf2 Kc5 56. Rf8 Be5 57. Rf5 Kd4 58.
Rf3 Bd6 59. Bf7 Ke4 60. Rf2 Ke3 61. Rf5 Ke4 62. Rf2 Bc5 63. Rc2 Bd4 64. Rc8 Kf3
65. Bd5+ Kf4 66. Re8 Rg3+ 67. Kh2 Bg1+ 68. Kh1 Bc5 69. Ra8 Bd6 0-1

[Event "28. Erfurter Schachfestival 2018 - Haupt"]
[Site "Erfurt"]
[Date "2018.12.29"]
[Round "6.9"]
[White "Prüsse, Horst"]
[Black "Reinhardt, Michael"]
[Result "1-0"]
[WhiteElo "2028"]
[BlackElo "1760"]
[PlyCount "83"]
[EventDate "2018.12.26"]

1. e4 c5 2. d4 cxd4 3. c3 dxc3 4. Nxc3 Nc6 5. Nf3 e6 6. Bc4 a6 7. O-O b5 8. Bb3
Bb7 9. Qe2 Nge7 10. Bg5 Na5 11. Ne5 Nxb3 12. Qf3 f5 13. Qh5+ g6 14. Nxg6 hxg6
15. Qxh8 Nxa1 16. exf5 Qb6 17. Bh6 O-O-O 18. Bxf8 Nxf5 19. Rxa1 Ne3 20. Rc1 Bc6
21. Ne4 Nc4 22. Ng5 Nxb2 23. Nf7 Nd3 24. Rf1 Nxf2 25. Bc5 Qxc5 26. Qxd8+ Kb7
27. Rxf2 Qc1+ 28. Rf1 Qd2 29. Qg5 Qxa2 30. Nd8+ Kc7 31. Nxc6 dxc6 32. Qe5+ Kb6
33. Qd4+ c5 34. Qd6+ Ka5 35. Qxc5 Qb2 36. h3 e5 37. Kh2 Qd4 38. Qa3+ Kb6 39.
Rf6+ Kc7 40. Qe7+ Qd7 41. Qxd7+ Kxd7 42. Rxa6 1-0

[Event "28. Erfurter Schachfestival 2018 - Haupt"]
[Site "Erfurt"]
[Date "2018.12.29"]
[Round "6.10"]
[White "Goeke, Bernd"]
[Black "Comhaire, Cedric"]
[Result "1-0"]
[WhiteElo "2021"]
[BlackElo "1861"]
[PlyCount "55"]
[EventDate "2018.12.26"]

1. Nf3 Nf6 2. c4 d6 3. d4 g6 4. Nc3 Bg7 5. e4 O-O 6. Be2 Nbd7 7. O-O e5 8. Qc2
exd4 9. Nxd4 Re8 10. Rd1 Nc5 11. f3 a5 12. Bg5 h6 13. Be3 Qe7 14. Ndb5 b6 15.
Bd4 Qd8 16. e5 Bf5 17. Qc1 Nd3 18. Bxd3 dxe5 19. Bxf5 exd4 20. Bc2 c5 21. Ne4
Nh5 22. Qd2 g5 23. g3 Re6 24. Nf2 Qe7 25. Re1 Re3 26. Be4 Rxe1+ 27. Rxe1 Re8
28. Bh7+ 1-0

[Event "28. Erfurter Schachfestival 2018 - Amate"]
[Site "Erfurt"]
[Date "2018.12.29"]
[Round "5.3"]
[White "Rößler, Karl-Georg"]
[Black "Aleanakian, Gabriel"]
[Result "1-0"]
[WhiteElo "1516"]
[BlackElo "1711"]
[PlyCount "81"]
[EventDate "2018.12.27"]

1. e4 c5 2. Nf3 Nc6 3. d4 cxd4 4. Nxd4 g6 5. Nc3 Bg7 6. Be3 Nf6 7. f3 O-O 8.
Qd2 d5 9. O-O-O dxe4 10. Nxc6 Qxd2+ 11. Rxd2 bxc6 12. Nxe4 Nxe4 13. fxe4 Be6
14. Ba6 Rab8 15. b3 Bc8 16. Bc4 a5 17. Rhd1 Bg4 18. Rf1 a4 19. Rdf2 Be6 20.
Bxe6 fxe6 21. Rxf8+ Bxf8 22. Bc5 axb3 23. cxb3 Rd8 24. Kc2 Ra8 25. Kb2 Bg7+ 26.
Kb1 Bf6 27. Rd1 e5 28. b4 Kf7 29. Rd7 g5 30. g4 h5 31. gxh5 Rh8 32. a4 Rxh5 33.
a5 Rxh2 34. a6 Rh8 35. a7 g4 36. Rb7 g3 37. Rb8 Rh1+ 38. Kb2 Rh2+ 39. Kb3 g2
40. a8=Q Bg7 41. Qxc6 1-0

[Event "28. Erfurter Schachfestival 2018 - Senio"]
[Site "Erfurt"]
[Date "2018.12.29"]
[Round "4.1"]
[White "Werner, Bernd-Michael"]
[Black "Stahr, Ralf-Peter"]
[Result "0-1"]
[WhiteElo "2095"]
[BlackElo "2131"]
[PlyCount "52"]
[EventDate "2018.12.26"]

1. e4 c5 2. c4 Nc6 3. g3 Nf6 4. Bg2 e6 5. f4 d5 6. e5 Nd7 7. cxd5 exd5 8. Ne2
Be7 9. O-O d4 10. d3 Nb6 11. Na3 Be6 12. b3 Bd5 13. Bh3 h5 14. Bd2 h4 15. g4 g5
16. Nc4 gxf4 17. Bxf4 Nxc4 18. bxc4 Be6 19. Rb1 Qd7 20. Kh1 Bxg4 21. Bxg4 Qxg4
22. Rf2 O-O-O 23. Qb3 Qd7 24. Qa3 Rhg8 25. Ng1 Rg6 26. Rfb2 Nxe5 0-1

[Event "28. Erfurter Schachfestival 2018 - Senio"]
[Site "Erfurt"]
[Date "2018.12.29"]
[Round "4.2"]
[White "Szenetra, Werner"]
[Black "Muuss, Klaus"]
[Result "1-0"]
[WhiteElo "2168"]
[BlackElo "2061"]
[PlyCount "109"]
[EventDate "2018.12.26"]

1. Nf3 d5 2. g3 Nc6 3. Bg2 e5 4. d3 f6 5. O-O Be6 6. Nc3 Qd7 7. e4 d4 8. Nd5
Nge7 9. c4 dxc3 10. bxc3 Nxd5 11. exd5 Bxd5 12. Rb1 Bc5 13. d4 Bb6 14. dxe5
O-O-O 15. exf6 gxf6 16. Qa4 Qf5 17. Bf4 Rhg8 18. Nh4 Qg4 19. Bxd5 Rxd5 20. Kh1
Rh5 21. Qe4 Re5 22. Qc4 Rge8 23. Qd3 R5e7 24. Kg2 Qe6 25. Rb2 Rd7 26. Qf5 Qd5+
27. Qxd5 Rxd5 28. Rc2 Ne5 29. Re1 Red8 30. Bxe5 Rxe5 31. Rxe5 fxe5 32. Re2 Re8
33. Nf3 e4 34. Ng5 e3 35. fxe3 Rxe3 36. Rxe3 Bxe3 37. Nxh7 b5 38. Nf6 c5 39.
Kf3 Bh6 40. h4 b4 41. cxb4 cxb4 42. g4 Kd8 43. g5 Bg7 44. Nd5 a5 45. h5 Kd7 46.
h6 Bf8 47. Ke4 Ke6 48. Nf4+ Kf7 49. Kf5 a4 50. g6+ Kg8 51. g7 Bxg7 52. hxg7 b3
53. axb3 axb3 54. Kf6 b2 55. Nd5 1-0

[Event "28. Erfurter Schachfestival 2018 - Senio"]
[Site "Erfurt"]
[Date "2018.12.29"]
[Round "4.3"]
[White "Villing, Dieter"]
[Black "Haase, Reinhard"]
[Result "1/2-1/2"]
[WhiteElo "2123"]
[BlackElo "2104"]
[PlyCount "39"]
[EventDate "2018.12.26"]

1. d4 d5 2. Nc3 Bf5 3. f3 e6 4. e4 Bg6 5. exd5 exd5 6. Qe2+ Ne7 7. Bf4 c6 8.
O-O-O Na6 9. Nh3 Nc7 10. Nf2 Ne6 11. Be5 Qd7 12. Re1 Nf5 13. g4 Nd6 14. f4 Be4
15. Nfxe4 Nxe4 16. Nxe4 dxe4 17. Qxe4 O-O-O 18. c3 Nc7 19. Bxc7 Kxc7 20. h3
1/2-1/2

[Event "28. Erfurter Schachfestival 2018 - Senio"]
[Site "Erfurt"]
[Date "2018.12.29"]
[Round "4.4"]
[White "Jaeger, Andre"]
[Black "Rüther, Rudolf"]
[Result "1-0"]
[WhiteElo "1903"]
[BlackElo "2115"]
[PlyCount "45"]
[EventDate "2018.12.26"]

1. d4 Nf6 2. c4 e6 3. Nc3 Bb4 4. f3 d5 5. a3 Bxc3+ 6. bxc3 O-O 7. cxd5 exd5 8.
e3 c5 9. Bd3 Re8 10. Ne2 Nc6 11. O-O b6 12. Ng3 Bb7 13. Ra2 Rc8 14. Re2 Na5 15.
Kh1 cxd4 16. cxd4 Nc4 17. e4 dxe4 18. fxe4 Qxd4 19. e5 Red8 20. exf6 Qxd3 21.
Re8+ Rxe8 22. Qxd3 Ne5 23. Qd2 1-0

[Event "28. Erfurter Schachfestival 2018 - Senio"]
[Site "Erfurt"]
[Date "2018.12.29"]
[Round "4.5"]
[White "Jacob, Helmut"]
[Black "Bodemer, Wolfgang"]
[Result "1-0"]
[WhiteElo "2110"]
[BlackElo "1897"]
[PlyCount "39"]
[EventDate "2018.12.26"]

1. e4 c5 2. d4 cxd4 3. c3 dxc3 4. Nxc3 Nc6 5. Nf3 d6 6. Bc4 Nf6 7. e5 dxe5 8.
Qxd8+ Kxd8 9. Ng5 e6 10. Nxf7+ Ke7 11. Nxh8 a6 12. Bg5 Nb4 13. O-O b5 14. Be2
g6 15. Ne4 Bg7 16. f4 exf4 17. Nxf6 Bxf6 18. Bxf6+ Kxf6 19. Rxf4+ Kg7 20. Rxb4
1-0

[Event "28. Erfurter Schachfestival 2018 - Meist"]
[Site "Erfurt"]
[Date "2018.12.29"]
[Round "6.1"]
[White "Lubbe, Nikolas"]
[Black "Abel, Dennes"]
[Result "1/2-1/2"]
[WhiteElo "2449"]
[BlackElo "2465"]
[PlyCount "37"]
[EventDate "2018.12.26"]

1. Nf3 d5 2. e3 Nf6 3. c4 c6 4. Nc3 e6 5. d4 Nbd7 6. Qc2 b6 7. b3 Bb7 8. Be2
Bd6 9. Bb2 Qe7 10. O-O O-O 11. Rad1 Bb4 12. Ne5 Rfd8 13. Nb1 Rac8 14. Nxd7 Rxd7
15. Bd3 Bd6 16. cxd5 cxd5 17. Qe2 Rdc7 18. g3 g6 19. Rc1 1/2-1/2

[Event "28. Erfurter Schachfestival 2018 - Meist"]
[Site "Erfurt"]
[Date "2018.12.29"]
[Round "6.2"]
[White "Derichs, Roger"]
[Black "Nagy, Gabor"]
[Result "0-1"]
[WhiteElo "2295"]
[BlackElo "2472"]
[PlyCount "58"]
[EventDate "2018.12.26"]

1. Nf3 c5 2. c4 Nc6 3. Nc3 Nf6 4. g3 d5 5. d4 cxd4 6. Nxd4 e5 7. Nxc6 bxc6 8.
Bg2 Rb8 9. Bg5 Rxb2 10. O-O Qa5 11. Qd3 Bb4 12. Nd1 Rd2 13. Bxd2 Bxd2 14. cxd5
cxd5 15. Rb1 O-O 16. Rb2 Bb4 17. Qb1 Be7 18. Ne3 Ba6 19. Rd1 d4 20. Nf1 Ba3 21.
Rc2 Rd8 22. Qb3 h6 23. e3 d3 24. Rc3 Bb4 25. Rc6 Bb5 26. Rc7 Qxc7 27. Qxb4 Ba6
28. h3 Nd5 29. Qa3 Nc3 0-1

[Event "28. Erfurter Schachfestival 2018 - Meist"]
[Site "Erfurt"]
[Date "2018.12.29"]
[Round "6.3"]
[White "Schiffer, Stefan"]
[Black "Carlstedt, Jonathan"]
[Result "1/2-1/2"]
[WhiteElo "2264"]
[BlackElo "2412"]
[PlyCount "85"]
[EventDate "2018.12.26"]

1. e4 g6 2. Nf3 Bg7 3. g3 d6 4. Bg2 Nc6 5. O-O e5 6. d3 Nge7 7. Bg5 h6 8. Bd2
O-O 9. Nc3 f5 10. exf5 Nxf5 11. Nd5 Be6 12. Ne3 Nfe7 13. c4 Qd7 14. b4 a6 15.
a4 d5 16. cxd5 Nxd5 17. Nxd5 Bxd5 18. Rc1 Qf7 19. b5 axb5 20. axb5 Na5 21. Nh4
Bxg2 22. Nxg2 Nb3 23. Rb1 Nd4 24. Be3 Nf3+ 25. Kh1 Ra2 26. Ne1 Ng5 27. Qb3 Qxb3
28. Rxb3 e4 29. Kg2 exd3 30. Nxd3 Ne4 31. Nf4 g5 32. Ne6 Rf7 33. Nxg7 Kxg7 34.
Rb4 Nd6 35. g4 Re2 36. Bc5 Ne4 37. Be3 Nf6 38. Rd1 Kh7 39. Rc4 c6 40. bxc6 bxc6
41. Rd2 Re1 42. Rd6 Nd5 43. Rcxc6 1/2-1/2

[Event "28. Erfurter Schachfestival 2018 - Meist"]
[Site "Erfurt"]
[Date "2018.12.29"]
[Round "6.4"]
[White "Mooser, Stefan"]
[Black "Lagunow, Raphael"]
[Result "0-1"]
[WhiteElo "2255"]
[BlackElo "2409"]
[PlyCount "66"]
[EventDate "2018.12.26"]

1. d4 d5 2. c4 e6 3. Nf3 Nf6 4. g3 dxc4 5. Bg2 Bb4+ 6. Bd2 a5 7. O-O O-O 8. Qc2
Bxd2 9. Nbxd2 b5 10. b3 cxb3 11. Nxb3 Bb7 12. Rac1 Bd5 13. Nbd2 Na6 14. Qb1 b4
15. e4 Bb7 16. Rfe1 Rc8 17. Nb3 c5 18. Nxc5 Nxc5 19. dxc5 Qe7 20. Qc2 Bxe4 21.
Rxe4 Nxe4 22. Qxe4 Rxc5 23. Rxc5 Qxc5 24. Ne5 Rd8 25. Bf3 Qd4 26. Qe2 Qc3 27.
Kg2 g6 28. Qb5 a4 29. Nc6 Rd2 30. Nxb4 Qd4 31. Be2 a3 32. Qb8+ Kg7 33. Nc6 Qc5
0-1

[Event "28. Erfurter Schachfestival 2018 - Meist"]
[Site "Erfurt"]
[Date "2018.12.29"]
[Round "6.5"]
[White "Steinacker, Alex"]
[Black "Möhn, Hans"]
[Result "0-1"]
[WhiteElo "2278"]
[BlackElo "2364"]
[PlyCount "118"]
[EventDate "2018.12.26"]

1. g3 d5 2. Nf3 Nf6 3. Bg2 Bf5 4. O-O e6 5. d3 h6 6. Nbd2 Be7 7. c4 O-O 8. b3
c5 9. Bb2 Nc6 10. Ne5 Qc7 11. Nxc6 bxc6 12. e4 Bh7 13. Qe2 a5 14. Rac1 Qd7 15.
Bxf6 Bxf6 16. cxd5 cxd5 17. exd5 Rac8 18. Nc4 Bd8 19. d6 Qa7 20. Qf3 Bg5 21.
Rcd1 Rfd8 22. Qb7 Qxb7 23. Bxb7 Rb8 24. Bc6 Bf6 25. d7 Bd4 26. Nxa5 e5 27. Nb7
Rxd7 28. Bxd7 Rxb7 29. Bc6 Ra7 30. a4 Bf5 31. Kg2 g5 32. Bd5 Kg7 33. f4 exf4
34. gxf4 g4 35. Rfe1 h5 36. Re8 Rd7 37. Bc4 Bc3 38. Rc1 Bb4 39. Re5 Kf6 40. Rd5
Re7 41. Rc2 Re1 42. Re5 Rd1 43. Ra2 Bc3 44. Rae2 h4 45. h3 gxh3+ 46. Kh2 Bg4
47. Rf2 Bd4 48. Ree2 Kf5 49. Bxf7 Bxe2 50. Rxe2 Kxf4 51. Kxh3 Be3 52. Kg2 Rg1+
53. Kh2 Rg5 54. a5 Kf3 55. Ra2 Bf2 56. a6 Rg2+ 57. Kh1 Kg3 58. Rxf2 Rxf2 59.
Kg1 h3 0-1

[Event "28. Erfurter Schachfestival 2018 - Meist"]
[Site "Erfurt"]
[Date "2018.12.29"]
[Round "6.6"]
[White "Muckle, Julius"]
[Black "Rewitz, Poul"]
[Result "1-0"]
[WhiteElo "2349"]
[BlackElo "2240"]
[PlyCount "65"]
[EventDate "2018.12.26"]

1. d4 Nf6 2. c4 g6 3. Nc3 d5 4. Bg5 Bg7 5. Bxf6 Bxf6 6. cxd5 c6 7. Rc1 O-O 8.
dxc6 Bxd4 9. c7 Bxc3+ 10. Rxc3 Qxd1+ 11. Kxd1 Nd7 12. e4 Nb6 13. Nf3 Be6 14. b3
Rac8 15. Nd4 Bd7 16. Bb5 Bxb5 17. Nxb5 a6 18. Nd4 Na8 19. Ke2 Rxc7 20. Rxc7
Nxc7 21. Rc1 Na8 22. b4 Rd8 23. Nb3 Nb6 24. Nc5 Rd4 25. a3 Nc4 26. Rc3 e5 27.
Rd3 Rxd3 28. Kxd3 b5 29. a4 f5 30. a5 Nd6 31. Nxa6 fxe4+ 32. Ke3 Kf7 33. Nc7
1-0

[Event "28. Erfurter Schachfestival 2018 - Meist"]
[Site "Erfurt"]
[Date "2018.12.29"]
[Round "6.7"]
[White "Osmanodja, Filiz"]
[Black "Engers, Felix"]
[Result "1-0"]
[WhiteElo "2318"]
[BlackElo "2117"]
[PlyCount "51"]
[EventDate "2018.12.26"]

1. e4 e5 2. Nf3 Nc6 3. Bb5 f5 4. d3 fxe4 5. dxe4 Nf6 6. O-O Bc5 7. Qe2 Nd4 8.
Nxd4 Bxd4 9. c3 Bb6 10. a4 a6 11. Bc4 Qe7 12. a5 Ba7 13. Ra3 d6 14. Rb3 b5 15.
axb6 Bxb6 16. Ra3 a5 17. Bg5 Be6 18. Bb5+ Bd7 19. Bc4 Be6 20. Bb5+ Bd7 21. b4
O-O 22. bxa5 Rxa5 23. Rxa5 Bxa5 24. Bxd7 Qxd7 25. Bxf6 Rxf6 26. Qa2+ 1-0